Countries Bordering (Countries Bordering) Zambia - Statistics

General Stats
  • This quiz has been taken 23 times
  • The average score is 16 of 17
Answer Stats
Country % Correct
Angola
100%
Botswana
100%
Democratic Republic of the Congo
100%
Republic of the Congo
100%
South Africa
100%
Mozambique
95%
Namibia
95%
Tanzania
95%
Zimbabwe
95%
Burundi
89%
Kenya
89%
Rwanda
89%
Swaziland
89%
Uganda
89%
Malawi
84%
South Sudan
84%
Central African Republic
74%
No matching quizzes found
Score Distribution
Percent of People with Each Score
Percentile by Number Answered
Your Score History
You have not taken this quiz